Normal view
MARC view
Entry Personal Name
001 - CONTROL NUMBER
- control field: 13721
003 - CONTROL NUMBER IDENTIFIER
- control field: OSt
005 - DATE AND TIME OF LATEST TRANSACTION
- control field: 20191122124620.0
008 - FIXED-LENGTH DATA ELEMENTS
- fixed length control field: 191122|| aca||aabn | a|a d
040 ## - CATALOGING SOURCE
- Original cataloging agency: OSt
- Transcribing agency: OSt
100 ## - HEADING--PERSONAL NAME
- Personal name: Gong, Neil
670 ## - SOURCE DATA FOUND
- Source citation: Work cat.: (OSt): Gong, Neil, Between tolerant containment and concerted constraint: Managing madness for the city and privileged family
